| 000 | 00622nam a22001577a 4500 | ||
|---|---|---|---|
| 003 | OSt | ||
| 005 | 20150915140829.0 | ||
| 008 | 150915b xxu||||| |||| 00| 0 eng d | ||
| 040 | _cRUA | ||
| 082 | _aAGR LAM 1999 BOO25 Or.1 | ||
| 100 |
_9515 _aLAM, HEAK |
||
| 245 | _aDvelopment plan of family rubber plant around chup rubber plantation,( ទិសដៅអភិវឌ្ឍន៍ដំណាំកៅស៊ូជាលក្ខណៈគ្រួសារនៅតំបន់ជុំវិញចំការកៅស៊ូជុប). | ||
| 260 |
_aphnom phen _bRUA _c1999 |
||
| 300 |
_a62p. _bill. _c29cm. |
||
| 942 |
_2ddc _cAGR |
||
| 999 |
_c495 _d495 |
||